La duda de Cezanne

Պահպանված է:
Մատենագիտական մանրամասներ
Հիմնական հեղինակ: Merleau-Ponty, Maurice (autor)
Ձևաչափ: Գիրք
Լեզու:իսպաներեն
Հրապարակվել է: Madrid Casimiro Libros 2012
Խորագրեր:
Ցուցիչներ: Ավելացրեք ցուցիչ
Չկան պիտակներ, Եղեք առաջինը, ով նշում է այս գրառումը!

MARC

LEADER 00000cam a2200000 a 4500
001 UCF5543
003 CL-VaPUC
008 130318e20120000SP |||||||||||||||||spa|d
020 |a 9788415715009 
082 0 4 |a 759.4  |b MER  |2 21 
100 |a Merleau-Ponty, Maurice  |e autor  |9 302544 
245 1 3 |a La duda de Cezanne 
300 |a 62 p 
942 |c BK 
945 |d 20130318 00:00:00  |a dcastane 
260 |a Madrid  |b Casimiro Libros  |c 2012 
650 7 |a IMPRESIONISMO  |2 CL-VaPUC  |9 324638 
650 0 |a Pintura francesa  |9 266122 
650 0 |a Pintores franceses   |9 340354 
583 |a last modification  |c 20130318 11:20:00  |k Rodrigo Vera 
999 |c 351042  |d 351040 
952 |0 0  |1 1  |2 ddc  |4 0  |6 759_400000000000000_MER_2012  |7 0  |8 A  |9 454915  |a BIBART  |b BIBART  |d 2019-11-22  |i 4954246  |o 759.4 MER 2012  |p 4954246  |r 2019-11-22  |w 2019-11-22  |y BK  |k ART